Normal view MARC view

Entry Topical Term

Number of records used in: 1

001 - CONTROL NUMBER

  • control field: 7635

003 - CONTROL NUMBER IDENTIFIER

  • control field:

005 - DATE AND TIME OF LATEST TRANSACTION

  • control field: 20210601180019.0

008 - FIXED-LENGTH DATA ELEMENTS

  • fixed length control field: 210601|| aca||aabn | a|a d

040 ## - CATALOGING SOURCE

  • Original cataloging agency:
  • Transcribing agency:

150 ## - HEADING--TOPICAL TERM

  • Topical term or geographic name entry element: Governmental investigations

670 ## - SOURCE DATA FOUND

  • Source citation: Work cat.: (): Bombay (India). Commission of Inquiry 7631, Report of the commission of inquiry (Shri Justice S. P. Kotval) on the cases of police firing at Ahmedabad on the 12th, 13th and 14th August 1958 and Government conclusions and proposals for action on the report /, 1959
                                                                           
web counter

Copyright ©2020 The National Library of India, Govt. of India ↔ Hosted by NVLI, MOC ↔ Technology and Design by National Library of India, Ministry of Culture, Govt. of India